MDQL
is popping MORE tags! Check the
thread
!
Quizzes
Events
Quiz Creation
Community
Videos
Private Events
Remove Ads
Sign In
Join for FREE
Feedback
Dark Mode
Quiz Categories
Sports
Geography
Music
Movies
Television
Just For Fun
Miscellaneous
History
Literature
Language
Science
Gaming
Entertainment
Religion
Holiday
For Kids
Quiz Lab
Recent
Popular Today
Quiz Kudos Today
Editor Picks
Curator Picks
Quizzes by...
Day
Popularity
Type
Ratings
Length
Year
Community
Subscriptions
Recent Discussions
Orange Saloon
Badges
Playlists
Quests
Create
Leaderboards
Showdown
Live 5
Trivia Bingo
Activity
Puzzle Library
Sporcle Events
Private Events
Virtual Trivia
Globe League
Become a Host
Pub Owners
SporcleCon
Opinionation
Our Games
Videos
Blog
Mobile Apps
Partnerships
Remove Ads and Go Orange
Feedback
Television
TV Characters
TV Show
Sitcom
Network
Friends
Reality Shows
Cast
South Park
Star Trek
The Simpsons
Doctor Who
Television
TV Characters
TV Show
Sitcom
Network
Friends
Reality Shows
Cast
South Park
Star Trek
The Simpsons
Doctor Who
Random Quiz
Search Sporcle
×
Quiz Lab
Quiz Lab
Television
Type in answers that appear in a list
Type in answers that appear in a list
Classic
Best Score? Go Orange.
SNL Cast Members Stats
Can you name the SNL Cast Members?
By
tremblingaspen
10m
155 Questions
124 Plays
124 Plays
124 Plays
Comments
Comments
Give Quiz Kudos
Give Quiz Kudos
-
- Ratings
hide this ad
Replay
Link that replays current quiz
Next Quiz
Link to next quiz in quiz playlist
You Got
0%
They Got
Avg Score
29%
Avg Friend Score
Upgrade to see
Score Distribution
Jump to the score distribution portion of the page
Score
0/155
Timer
10:00
0
Plays Today
Years on Show
Cast Member
% Correct
2020 -
present
Punkie Johnson
100%
1975 -
1978
Dan Aykroyd
91.1%
2019 -
present
Bowen Yang
85.7%
1975 -
1976
Chevy Chase
83.9%
1990 -
1994
Chris Farley
83.1%
1975 -
1978
John Belushi
81.5%
2014 -
present
Michael Che
80%
2016 -
present
Mikey Day
75%
2020 -
present
Andrew Dismukes
75%
2019 -
present
Chloe Fineman
71.4%
1975 -
1979
Laraine Newman
71%
1990 -
1994
Adam Sandler
67.7%
2013 -
present
Kyle Mooney
66.7%
2014 -
present
Colin Jost
66.7%
2014 -
2019
Leslie Jones
66.7%
1975 -
1979
Jane Curtin
62.9%
1988 -
1994
Mike Myers
62.9%
2017 -
present
Heidi Gardner
62.5%
2017 -
present
Chris Redd
62.5%
1985
Robert Downey Jr.
62.1%
1979, 1981
Brian Doyle-Murray
61.3%
1983 -
1984
Jim Belushi
61.3%
1984
Billy Crystal
61.3%
1990 -
1993
Julia Sweeney
58.9%
1980 -
1983
Eddie Murphy
58.1%
1984
Martin Short
58.1%
1985
Randy Quaid
58.1%
1991
Siobhan Fallon
58.1%
1990 -
1991
Chris Rock
57.3%
1975 -
1979
Garrett Morris
55.6%
1990 -
1999
Tim Meadows
55.6%
1986 -
1993
Phil Hartman
54.8%
1990 -
1993
Rob Schneider
54.8%
1993 -
1994
Michael McKean
54.8%
2012 -
present
Kate McKinnon
54.1%
1985
Terry Sweeney
54%
2012 -
present
Cecily Strong
53.3%
1975
Michael O'Donoghue
53.2%
1991 -
1993
Melanie Hutsell
53.2%
1979, 1985, 1987 -
1994
Al Franken
51.6%
2013 -
present
Beck Bennett
50%
2016 -
present
Melissa Villasenor
50%
2020 -
present
Lauren Holt
50%
1975
George Coe
49.2%
1980
Gail Matthius
48.4%
1993
Sarah Silverman
48.4%
1975 -
1979
Gilda Radner
46.8%
1982 -
1984
Julia Louis-Dreyfus
46.8%
1984
Christopher Guest
46.8%
1991 -
1994
Ellen Cleghorne
46.8%
2014 -
present
Pete Davidson
46.7%
1984
Rich Hall
46%
Years on Show
Cast Member
% Correct
1988
Ben Stiller
45.2%
2014 -
2017
Sasheer Zamata
44.4%
1990 -
1995
David Spade
44.4%
1993 -
1994
Jay Mohr
44.4%
2012 -
present
Aidy Bryant
43.3%
2018 -
present
Ego Nwodim
42.9%
1994
Chris Elliot
42.7%
2000 -
2005
Tina Fey
42.7%
1979
Jim Downey
41.9%
1986 -
1992
Dana Carvey
41.9%
1994 -
2000
Molly Shannon
41.9%
1985 -
1989
Nora Dunn
39.5%
1985
Danitra Vance
39.5%
1998 -
2003
Jimmy Fallon
39.5%
1976 -
1979
Bill Murray
38.7%
1980
Charles Rocket
38.7%
1994
Janeane Garofalo
38.7%
2001 -
2008
Amy Poehler
38.7%
2016 -
present
Alex Moffatt
37.5%
2017 -
2018
Luke Null
37.5%
1979
Peter Aykroyd
37.1%
1980 -
1983
Joe Piscopo
37.1%
1986 -
1994
Kevin Nealon
37.1%
2005 -
2012
Kristen Wiig
37.1%
1982 -
1983
Brad Hall
36.3%
1984
Pamela Stepheson
36.3%
1985 -
1989
Jon Lovitz
36.3%
1991 -
1992
Rob Smigel
35.5%
1995 -
2001
Will Ferrell
34.7%
1995 -
1999
Cheri Oteri
33.9%
2013 -
2014
John Milhiser
33.3%
2013 -
2014
Mike O'Brien
33.3%
2013 -
2014
Noel Wells
33.3%
1985 -
1990
Dennis Miller
33.1%
1994
Laura Kightlinger
33.1%
1995 -
1997
Jim Breuer
33.1%
1995 -
2008
Darrell Hammond
32.3%
2003 -
present
Kenan Thompson
32.3%
1980 -
1983
Tim Kazurinsky
31.5%
1994
Morwenna Banks
31.5%
1994 -
1996
Mark McKinney
31.5%
2001 -
2014
Seth Meyers
31.5%
2005 -
2012
Andy Samberg
31.5%
1982 -
1984
Gary Kroeger
30.6%
1999 -
2007
Maya Rudolph
30.6%
1980 -
1983
Robin Duke
29%
1985
Joan Cusack
29%
1995 -
2002
Chris Kattan
29%
1986 -
1991
Victoria Jackson
28.2%
1998 -
2005
Horatio Sanz
28.2%
2005 -
2013
Bill Hader
28.2%
2013 -
2014
Brooks Wheelan
27.8%
Years on Show
Cast Member
% Correct
1996 -
2001
Ana Gasteyer
27.4%
1998 -
2005
Chris Parnell
27.4%
1981 -
1984
Mary Gross
26.6%
1993 -
1997
Norm MacDonald
26.6%
2002 -
2013
Fred Armisen
26.6%
1999 -
2005
Rachel Dratch
25.8%
1991
Beth Cahill
25%
1995 -
1999
Colin Quinn
25%
2002 -
2009
Will Forte
25%
1980
Ann Risley
24.2%
1980
Laurie Metcalf
24.2%
1985
Don Novello
24.2%
1986 -
1990
Jan Hooks
24.2%
2004 -
2013
Jason Sudeikis
23.4%
2008 -
2017
Bobby Moynihan
21.8%
2009 -
2014
Nasim Pedrad
21.8%
1979, 1984
Harry Shearer
21%
1985
Anthony Michael Hall
21%
1996 -
2002
Tracy Morgan
20.2%
2012 -
2013
Tim Robinson
20%
2010 -
2017
Vanessa Bayer
19.4%
1980
Matthew Laurance
18.5%
2009 -
2010
Jenny Slate
17.7%
1980
Denny Dillon
16.9%
2007 -
2008
Casey Wilson
16.9%
1979
Tom Davis
16.1%
1985 -
1990
A. Whitney Brown
16.1%
1985
Damon Wayans
16.1%
2003 -
2005
Finesse Mitchell
16.1%
2008 -
2012
Abby Elliott
16.1%
2008
Michaela Watkins
16.1%
1981
Christine Ebersole
15.3%
2004
Rob Riggle
15.3%
2010 -
2016
Taran Killam
14.5%
1980
Gilbert Gottfried
13.7%
2010 -
2016
Jay Pharoah
13.7%
1980
Patrick Weathers
12.9%
1979
Alan Zweibel
12.1%
1979
Don Novello
10.5%
1980 -
1981
Tony Rosato
9.7%
1980
Emily Prager
9.7%
2010 -
2011
Paul Brittain
8.9%
1979
Paul Shaffer
8.1%
1980
Yvonne Hudson
8.1%
2000
Jerry Minor
8.1%
2001 -
2003
Jeff Richards
7.3%
1995
David Koechner
6.5%
2001 -
2002
Dean Edwards
5.6%
1995
Nancy Walls
4.8%
1995 -
1996
Fred Wolf
4%
1979
Tom Schiller
3.2%
Quiz Playlist
Details
Report
Send in Message
Add To Playlist
Classic:
Type in answers that appear in a list
Quiz Source
Last Updated: Feb 16, 2017
Quiz Scoreboard
CHALLENGE
Sign Up to Join the Scoreboard
Show All
Scores
Hide
Comments
May contain spoilers
Recently Published
Holiday 10x10 Sorting Gallery
by lukepisani3
Holiday
15m
Two Season TV Shows II
by 123Four
Television
10m
Image Sorting: Flags VI
by Barbecue
Geography
2m
More to Explore
Quiz From the Vault
Featured Blog Post
14 Easter Pick-up Lines to Find Eggs With
hide this ad
You Might Also Like...
Tags
This quiz does not have any tags.
Today's Top Quizzes in Television
Browse Television
hide this ad
Top Contributed Quizzes in Television
1
Survivor Journey Challenge
2
Even More Two Season TV Shows
3
Adjectives in 00s TV Shows
4
Even More Three Season TV Shows
5
Survivor Logic Puzzle: Heroes vs. Villains
6
Adjectives in 10s TV Shows
7
One Season TV Shows
8
One Piece Logic Puzzle
9
Brooklyn Nine Nine Logic Puzzle (How-To-Play)
10
Click the SpongeBob Episodes (Season 3)
Explore More
Trending Topics
Harry Potter
Anime
Crossword
Marvel
Disney
Kpop
NBA
NFL
Pokémon
Country
WWE
Puzzle
Song
Soccer
The Office
hide this ad
More By:
tremblingaspen
Quiz
Plays
Rating
Category
Featured
Created
Hell's Kitchen Contestants
7,633
4.00
Television
Aug 25, 2011
Most Popular Girls Names From The Bible
3,061
4.42
Miscellaneous
Mar 24, 2011
Cheaper By The Dozen
2,352
4.00
Movies
Oct 24, 2009
'Glee' Characters
1,705
3.75
Television
Dec 3, 2009
Declining Populations
847
4.21
Geography
Dec 21, 2009
Go to Creator's Profile
Score Distribution
Quiz Creator Spotlight
tremblingaspen
Follow
Send a Message
Quizzes Created
-
Created Quiz Play Count
-
More By This Creator
Popular Quizzes Today
1
Find the US States - No Outlines Minefield
2
Colored Red Africa Blitz
3
Find the 'City' Movie
4
The Countries of the World
5
Find the US States
6
5x2 Blitz: Bands
7
Find the Countries of Europe - No Outlines Minefield
8
US States
More Television Quizzes
ASOIAF Jenny of Oldstones Lyrics
Quiz Lab
Trending Quizzes
Colored Red Europe Blitz I
Colored Red Europe Blitz II
Colored Red Africa Blitz II
Colored Red Europe Blitz III
Colored Red Africa Blitz III
Recently Updated
Odd Team Out - Big 4 Players
pecheneg
Quick Pick: 20 Twenties
pecheneg
March Madness Men's Triple Doubles
pecheneg
How Do You Spell That?
pecheneg
Godzilla Movies
pecheneg
Grab Bag: 4-10 Letters
pecheneg
2024 March Madness Bracket
pecheneg
Famous TV Couples
Peacemaker
Champions League XIs: Real Madrid
pecheneg
Largest US Cities 1790-2010
pecheneg
Trending Topics
Harry Potter
Marvel
NBA
Crossword
Anime
Kpop
Disney
WWE
NFL
Puzzle
Pokémon
The Office
Soccer
Country
Song
Your Account Isn't Verified!
In order to create a playlist on Sporcle, you need to verify the email address you used during registration. Go to your
Sporcle Settings
to finish the process.
Report this User
Report this user for behavior that violates our
Community Guidelines
.
Details:
Send Report
Go to the Sporcle.com Mobile Site →
Comments